Quiz drapeau du monde à choix multiple (extrême) - Statistiques

Statistiques générales
  • Ce quiz a été pris 640 fois
  • Le résultat moyen est 12 sur 15
Statistiques - réponses
Question Réponse % Correct
Iles Féroé
95%
Comores
92%
Bhoutan
92%
Barbade
91%
Tonga
89%
Syrie
88%
Oman
86%
Mauritanie
85%
Slovaquie
83%
Andorre
82%
Togo
82%
Tuvalu
72%
Koweït
71%
Nicaragua
64%
Monaco
47%
Aucun quiz correspondant
Distribution des résultats
% des personnes avec chaque résultat
Percentile par nombre de réponses
Votre historique - résultats
Vous n’avez pas pris ce quiz